000 00325nam a22001337a 4500
020 _a9789381450895
082 _a664
_bPOS/HA
100 _aPoshadri, A.
_aKuna Aparna
_9310
245 _aA Hand Book For Food Techno's
250 _a1
260 _aNew Delhi
_bNew India Publishing Agency
_c2013
300 _a764
942 _cREF
999 _c14238
_d14238